| 000 | 00376nam a22001457a 4500 | ||
|---|---|---|---|
| 003 | SGT | ||
| 020 | _a9788180389351 | ||
| 082 | _a342.052 095 4,CHA | ||
| 100 | _aCHAUHAN,K.S. | ||
| 245 | _aPARLIAMENT POWERS FUNCTIONS & PRIVILEGES A COMPARATIVE CONSTITUTIONAL PERSPECTIVE | ||
| 260 |
_aGURGAON _bLEXIS NEXIS _c2013 |
||
| 300 | _a797 | ||
| 650 | _aPARLIAMENT | ||
| 942 |
_2ddc _cBK |
||
| 999 |
_c10868 _d10868 |
||